000 00983nmm a2200313 a 4500
001 ocm0001703190
003 TR-IsHL
005 20201028170208.0
008 180119s2017 tu tur
007 cr cn
020 _a9786051292137
035 _a1703190
_b(N$T)
050 0 4 _aPL230
_b.İ871 2017
090 0 4 _aPL230
_b.İ871 2017
100 1 _aİstanbul, Eray
245 1 0 _aAteş adası
_h[electronic resource] /
_cEray İstanbul ; editör Osman Tatlı
250 _aBirinci basım
260 _aİstanbul :
_bAkis Kitap,
_c2017
300 _a120 p.
650 4 _aDil ve Edebiyat
650 4 _aLanguage and Literature
650 0 _aÇocuk edebiyatı, Türkçe
650 0 _aChildren's literature, Turkish
650 0 _aMacera hikayeleri
650 0 _aAdventure stories
650 7 _aJUVENILE FICTION / General
_2bisacsh
700 1 _aTatlı, Osman
856 4 0 _uhttp://search.ebscohost.com/login.aspx?direct=true&scope=site&db=e011xww&AN=1703190
999 _c16144
_d16144